Les Nationalités en Liga Espagnole - Statistiques

Statistiques générales
  • Ce quiz a été pris 501 fois
    201 depuis la dernière actualisation
  • Le résultat moyen est 41 sur 59
Statistiques - réponses
Nombre de Joueur Continent Nationalité % Correct
17 UEFA Français/France
100%
22 CONMEBOL Argentin/Argentine
98%
18 CONMEBOL Brésilien/Brésil
97%
286 UEFA Espagnol/Espagne
97%
12 UEFA Portugais/Portugal
96%
2 CAF Algérien/Algérie
94%
4 UEFA Allemand/Allemagne
94%
2 UEFA Italien/Italie
94%
6 CAF Marocain/Maroc
94%
12 CONMEBOL Uruguayen/Uruguay
92%
2 UEFA Anglais/Angleterre
91%
5 CONMEBOL Colombien/Colombie
89%
7 UEFA Belge/Belgique
88%
4 UEFA Néerlandais/Pays-Bas
88%
1 UEFA Russe/Russie
88%
6 CAF Sénégalais/Sénégal
88%
1 UEFA Suisse/Suisse
86%
3 CONCACAF Mexicain/Mexique
85%
1 UEFA Polonais/Pologne
85%
2 UEFA Suédois/Suède
85%
1 CONCACAF Américain/États-Unis
83%
2 CONMEBOL Chilien/Chili
82%
3 UEFA Norvégien/Norvège
81%
4 UEFA Croate/Croatie
79%
4 UEFA Ukrainien/Ukraine
79%
1 UEFA Autrichien/Autriche
78%
1 CONCACAF Canadien/Canada
78%
1 AFC Japonais/Japon
78%
4 UEFA Turc/Turquie
78%
2 UEFA Danois/Danemark
77%
1 UEFA Grec/Grèce
75%
2 CONMEBOL Péruvien/Pérou
75%
1 CAF Congolais/République Démocratique du Congo
72%
12 UEFA Serbe/Serbie
72%
2 CONMEBOL Venezuelien/Venezuela
71%
1 CAF Ivoirien/Côte d'Ivoire
68%
1 UEFA Slovène/Slovénie
68%
1 CONMEBOL Paraguayen/Paraguay
67%
4 CAF Malien/Mali
66%
2 UEFA Slovaque/Slovaquie
65%
1 CAF Nigérian/Nigéria
64%
2 UEFA Roumain/Roumanie
64%
2 UEFA Albanais/Albanie
62%
3 CAF Ghanéen/Ghana
62%
2 CAF Guinéen/Guinée
60%
1 UEFA Écossais/Écosse
58%
1 UEFA Kosovar/Kosovo
50%
1 CONCACAF Hondurien/Honduras
47%
1 UEFA Macédonien/Macédoine du Nord
47%
1 UEFA Monténégrin/Monténégro
46%
1 CAF Togolais/Togo
46%
1 UEFA Israélien/Israël
42%
1 UEFA Géorgien/Géorgie
36%
1 CAF Cap-verdien/Cap-Vert
35%
1 CAF Mauritanien/Mauritanie
29%
1 CAF Bissau-Guinéen/Guinée-Bissau
28%
1 CONCACAF Dominicain/République Dominicaine
25%
1 CAF Mozambicain/Mozambique
22%
2 CAF Equato-Guinéen-Guinée-Equatoriale
1%
Aucun quiz correspondant
Distribution des résultats
% des personnes avec chaque résultat
Percentile par nombre de réponses
Votre historique - résultats
Vous n’avez pas pris ce quiz depuis la dernière actualisation